000 00917nam a2200253Ia 4500
003 OSt
005 20220923225113.0
006 a|||||r|||| 00| 0
007 ta
008 220922b |||||||| |||| 00| 0 hin d
024 _a257,426
037 _cTextual
040 _aARTS
_cARTS
_bhin
041 _2hin
_ahin
082 _a2:8, 152M1
100 _aसक्सेना, एल. एस.
245 0 _aपुस्तकालय संगठन सिद्धान्त
246 _aPustakālaya sangaṭhan siddhānta
260 _aभोपाल
_b मध्य प्रदेश हिन्दी ग्रन्थ अकादमी
_c1981
300 _a320पृ.
_ccm.
650 _aपुस्तकालय-सूचना प्रौद्योगिकी
_9158639
942 _h2:8, 152M1
_cTEXL
_2CC
999 _c376082
_d376082